|
|
|
|
| LEADER |
02109nam a2200457 a 4500 |
| 001 |
000297490 |
| 003 |
CZ BrMZK |
| 005 |
20080123131511.0 |
| 007 |
ta |
| 008 |
980115s1998 xr e p cze d |
| 015 |
|
|
|a cnb000318767
|
| 020 |
|
|
|a 80-85114-23-2
|
| 035 |
|
|
|a (OCoLC)39602368
|
| 040 |
|
|
|a BOA001
|b cze
|
| 080 |
|
|
|a 636.09:616
|2 MRF
|
| 080 |
|
|
|a 611.1
|2 MRF
|
| 080 |
|
|
|a 611.4.018.5
|2 MRF
|
| 080 |
|
|
|a 611.2
|2 MRF
|
| 080 |
|
|
|a (075.8)
|2 MRF
|
| 100 |
1 |
|
|a Halouzka, Roman,
|d 1945-
|7 xx0019517
|4 aut
|
| 245 |
1 |
0 |
|a Systémová veterinární patologie.
|n Díl 1,
|p Kardiovaskulární, Hemopoetický a Respirační systém /
|c Roman Halouzka
|
| 246 |
3 |
0 |
|a Kardiovaskulární, Hemopoetický a Respirační systém
|
| 250 |
|
|
|a 1. vyd.
|
| 260 |
|
|
|a Brno :
|b Veterinární a farmaceutická univerzita,
|c 1998
|
| 300 |
|
|
|a 112 s. ;
|c 30 cm
|
| 500 |
|
|
|a Určeno pro posl. veter. lék.
|
| 500 |
|
|
|a Dostupné též v digitální podobě v aplikaci Kramerius
|
| 650 |
0 |
7 |
|a veterinární patologie
|7 ph127058
|2 czenas
|
| 650 |
0 |
7 |
|a kardiovaskulární systém
|7 ph121472
|2 czenas
|
| 650 |
0 |
7 |
|a krvetvorný systém
|7 ph317201
|2 czenas
|
| 650 |
0 |
7 |
|a dýchací ústrojí
|7 ph119766
|2 czenas
|
| 655 |
|
7 |
|a učebnice vysokých škol
|7 fd133772
|2 czenas
|
| 710 |
2 |
|
|a Veterinární a farmaceutická univerzita Brno.
|b Ústav patologické morfologie
|7 kn20010710061
|
| 856 |
4 |
1 |
|u http://www.digitalniknihovna.cz/mzk/uuid/uuid:08dc3690-0a26-11f0-9c7e-5ef3fc9bb22f
|y Digitalizovaný dokument
|x NDK
|
| 910 |
|
|
|a BOA001
|b 4-1042.887,1
|
| 990 |
|
|
|a BK
|
| 996 |
7 |
|
|b 2610067468
|c 4-1042.887,1
|l MZK
|r Sklad / do 1 hodiny
|n 24
|p p.v.
|w 000297490
|u 000010
|a 1
|e BOA001
|j MZK50
|s A
|
| 996 |
6 |
|
|b 2610077269
|c 4-1042.887,1
|l MZK
|r Sklad / do 1 hodiny
|n 2
|p kup
|w 000297490
|u 000020
|a 1
|e BOA001
|j MZK50
|s P
|
| 996 |
7 |
|
|b 2610077270
|c 4-1042.887,1
|l MZK
|r Sklad / do 1 hodiny
|n 28
|p kup
|w 000297490
|u 000030
|a 1
|e BOA001
|j MZK50
|s A
|
| 996 |
7 |
|
|b 2610077272
|c 4-1042.887,1
|l MZK
|r Sklad / do 1 hodiny
|n 25
|p kup
|w 000297490
|u 000050
|a 1
|e BOA001
|j MZK50
|s A
|
| 996 |
7 |
|
|b 2610453127
|c 4-1042.887,1
|l MZK
|r Sklad / do 1 hodiny
|n 2
|w 000297490
|u 000090
|a 1
|e BOA001
|j MZK50
|s A
|